000 00668nam a2200277Ia 4500
005 20260320195735.0
008 008 262003s9999 xx 000 0 hin d
020 _a9789389577549
037 _aEBOOK
040 _aCRL
040 _bhin
040 _cCRL
041 _2hin
041 _ahin
084 _qCRL
100 _aचंदन पांडे
_91132807
245 0 _aवैधानिक गल्प
250 _a2nd
260 _bRajkamal
260 _c2020
300 _a142
856 _uhttps://ebook.indiaread.in/pdfs/376_vaidhanik_galp_by_chandan_pandey.pdf
942 _cEBOOK
999 _c1716241
_d1716241